000 00662nam a2200217Ia 4500
003 GCL
008 140319s9999 xx 000 0 ara d
040 _aGCL /
_cGCL
082 0 4 _a155.4
_bك س
100 1 _aعبدالعزيز القوصى
245 1 0 _aكيف تستثمر ذكاءك /
_cعبدالعزيز القوصى
700 1 _aابراهيم حافظ
700 1 _aسبنسر، ليل
700 1 _aدنبار، روث
300 _a116 ص
490 _aسلسلة دراسات سيكولوجية
_v0
650 0 4 _aالذكاء
650 0 4 _aالاطفال، رعاية ذهنية
650 0 4 _aالاطفال, الذكاء
942 _2ddc
_cBK
999 _c47126
_d47126